Statistics for Electric Type Pokemon

Click here to take the quiz!

General Stats

  • This quiz has been taken 24 times
  • The average score is 46 of 60

Answer Stats

HintAnswer% Correct
HoennElectrike
100%
JohtoElekid
100%
KantoJolteon
100%
KantoMagneton
100%
SinnohMagnezone
100%
JohtoPichu
100%
KantoPikachu
100%
KantoRaichu
100%
JohtoAmpharos
88%
KalosDedenne
88%
KantoElectabuzz
88%
SinnohElectivire
88%
KantoElectrode
88%
JohtoFlaaffy
88%
SinnohLuxio
88%
SinnohLuxray
88%
KantoMagnemite
88%
HoennManectric
88%
JohtoMareep
88%
HoennMinun
88%
SinnohPachirisu
88%
HoennPlusle
88%
SinnohShinx
88%
UnovaThundurus
88%
KantoZapdos
88%
GalarBoltund
75%
AlolaCharjabug
75%
JohtoChinchou
75%
JohtoLanturn
75%
GalarMorpeko
75%
JohtoRaikou
75%
UnovaStunfisk
75%
AlolaTogedemaru
75%
KantoVoltorb
75%
GalarYamper
75%
UnovaZebstrika
75%
GalarArctozolt
63%
UnovaBlitzle
63%
GalarDracozolt
63%
UnovaEelektrik
63%
UnovaEelektross
63%
UnovaEmolga
63%
UnovaGalvantula
63%
AlolaGeodude (Alolan)
63%
AlolaGolem (Alolan)
63%
AlolaGraveler (Alolan)
63%
KalosHeliolisk
63%
KalosHelioptile
63%
UnovaJoltik
63%
AlolaOriocorio (Pom-Pom)
63%
SinnohRotom
63%
AlolaTapu Koko
63%
GalarToxel
63%
GalarToxtricity
63%
UnovaTynamo
63%
AlolaVikavolt
63%
AlolaXurkitree
63%
UnovaZekrom
63%
AlolaZeraora
63%
GalarPincurchin
50%

Score Distribution

Percentile by Number Answered

Percent of People with Each Score

Your Score History

You have not taken this quiz